000 00296nam a22001217a 4500
082 _a621.38131 MID'S
100 _aMIDDLETON, R. G
_957470
245 _aSCOPE WAVEFORM ANALYSIS
260 _aNEWYORK
_bHOWARDS W. SAMS
_c1963
300 _a160P
650 _aWAVEFORM ANALYSIS
_957471
942 _cBK
999 _c567746
_d567746